Trf̀ico, circulacin̤ de vehc̕ulos a motor y seguridad vial Esquemas /

Detalles Bibliográficos
Autor principal: Burzaco Samper, Mara̕
Formato: eBook
Lenguaje:español
Publicado: Madrid: Dykinson, 2016
Materias:
Acceso en línea:Acceso restringido

MARC

LEADER 00000nam a22000007a 4500
005 20170827232314.0
007 cr|||| ||||
008 170827s2016 es |||||s|||| 00||0 spa d
020 |a 978-84-9085-703-8 
035 |a 20458 
040 |a vLex 
090 |c 6861  |d 6861 
100 1 |a Burzaco Samper, Mara̕ 
245 1 0 |a Trf̀ico, circulacin̤ de vehc̕ulos a motor y seguridad vial  |h [Recurso electrn̤ico] :  |b Esquemas /  |c Mara̕ Burzaco Samper 
256 |a Servicio en ln̕ea 
260 |a Madrid:  |b Dykinson,  |c 2016 
300 |a 1 recurso electrn̤ico 
506 1 |a Disponible solo en los productos indicados  |d vLex Global  |d vLex Global (Academic Edition, excluding Law Schools)  |d vLex Global (U.S. Academic Edition, Law Schools)  |d vLex Global (U.S. Academic Edition, excluding Law Schools)  |d vLex Global (Academic Edition, Law Schools) 
650 0 4 |a Derecho Pb︢lico y Administrativo  |z Espaą 
740 0 |a vLex Libros (Servicio en ln̕ea) 
856 4 0 |u http://vlex.com/source/trafico-circulacion-vehiculos-motor-seguridad-vial-20458  |z Acceso restringido 
942 |c BOOK 
999 0 |a Public and Administrative Law